| 000 | 00519nam a2200181Ia 4500 | ||
|---|---|---|---|
| 999 |
_c32472 _d32472 |
||
| 003 | OSt | ||
| 005 | 20200806105000.0 | ||
| 008 | 190216s9999||||xx |||||||||||||| ||und|| | ||
| 020 | _a9780486422572 | ||
| 040 | _coclc | ||
| 082 |
_a511.322 _bAND/C |
||
| 100 |
_aAnderson, Ian _93999 |
||
| 245 | 0 |
_aCombinatorics Of Finite Sets / _cIan Anderson |
|
| 260 |
_bDover Publications, _c2014. _aNew York: |
||
| 300 | _a250p | ||
| 650 | _aMathematics | ||
| 942 |
_cBK _2ddc _h511.322 _iAND/C _k511.322 _mAND/C |
||